MARC details
| 000 -CABECERA |
| campo de control de longitud fija |
01680nam a2200349 i 4500 |
| 003 - IDENTIFICADOR DEL NÚMERO DE CONTROL |
| campo de control |
DO-SdBNP |
| 005 - FECHA Y HORA DE LA ÚLTIMA TRANSACCIÓN |
| campo de control |
20240302073954.0 |
| 007 - CAMPO FIJO DE DESCRIPCIÓN FÍSICA--INFORMACIÓN GENERAL |
| campo de control de longitud fija |
ta |
| 008 - DATOS DE LONGITUD FIJA--INFORMACIÓN GENERAL |
| campo de control de longitud fija |
221128e2015 dr ||||gr|||| 001 pdspa d |
| 020 ## - NÚMERO INTERNACIONAL ESTÁNDAR DEL LIBRO |
| Número Internacional Estándar del Libro |
9789945418385 |
| 040 ## - FUENTE DE LA CATALOGACIÓN |
| Centro catalogador/agencia de origen |
DO-SdBNP |
| Lengua de catalogación |
spa |
| Centro/agencia transcriptor |
BNPHU |
| Normas de descripción |
rda |
| 082 #4 - NÚMERO DE LA CLASIFICACIÓN DECIMAL DEWEY |
| Número de edición |
22 |
| Número de documento/Ítem |
C422t |
| 245 10 - MENCIÓN DE TÍTULO |
| Título |
Theopoética de Tulio Cordero: |
| Resto del título |
homenaje al sacerdote y poeta interiorista. / |
| Mención de responsabilidad, etc. |
Bruno Rosario Candelier...[et. al.] |
| 264 ## - PRODUCCIÓN, PUBLICACIÓN, DISTRIBUCIÓN, FABRICACIÓN Y COPYRIGHT |
| Producción, publicación, distribución, fabricación y copyright |
San Francisco de Macorís, República Dominicana : |
| Nombre del de productor, editor, distribuidor, fabricante |
Ateneo Insular, |
| Fecha de producción, publicación, distribución, fabricación o copyright |
2015. |
| 300 ## - DESCRIPCIÓN FÍSICA |
| Extensión |
82 páginas ; |
| Dimensiones |
20 cm. |
| 336 ## - TIPO DE CONTENIDO |
| Fuente |
rdacontent |
| Término de tipo de contenido |
texto |
| Código de tipo de contenido |
txt |
| 337 ## - TIPO DE MEDIO |
| Fuente |
rdamedia |
| Nombre/término del tipo de medio |
sin mediación |
| Código del tipo de medio |
n |
| 338 ## - TIPO DE SOPORTE |
| Fuente |
rdacarrier |
| Nombre/término del tipo de soporte |
volumen |
| Código del tipo de soporte |
nc |
| 490 ## - MENCIÓN DE SERIE |
| Mención de serie |
"La música callada" ; |
| Designación de volumen o secuencia |
1 |
| 505 ## - NOTA DE CONTENIDO CON FORMATO |
| Nota de contenido con formato |
Presentación: La mística de Tulio Cordero.-- |
| Título |
La gracia mística de Tulio Cordero. Por / |
| Mención de responsabilidad |
Bruno Rosario Candelier.-- |
| Título |
La sensorialidad mística en la lírica de Tulio Cordero. Por / |
| Mención de responsabilidad |
Bruno Rosario Candelier.-- |
| Título |
Tulio Cordero: Poesía sapiencial. Por / |
| Mención de responsabilidad |
Fausto Leonardo Henríquez.-- |
| Título |
La poética interior en Tulio Cordero. Por / |
| Mención de responsabilidad |
Ramón Antonio Jiménez.-- |
| Título |
El Gozo interior en la lírica de tulio Cordero. Por / |
| Mención de responsabilidad |
Roxana Amaro.-- |
| Título |
Poesía y mística en la lírica de Tulio Cordero. Por. / |
| Mención de responsabilidad |
Juan Santos. |
| 534 ## - NOTA SOBRE LA VERSIÓN ORIGINAL |
| Mención de edición del original |
Bruno Rosario Candelier. |
| 590 ## - NOTA LOCAL (RLIN) |
| Nota local |
Inventariado 2022 / MF |
| 600 14 - PUNTO DE ACCESO ADICIONAL DE MATERIA--NOMBRE DE PERSONA |
| 9 (RLIN) |
16039 |
| Nombre de persona |
Cordero, Tulio, |
| Subdivisión de forma |
Biografía |
| 650 #4 - PUNTO DE ACCESO ADICIONAL DE MATERIA--TÉRMINO DE MATERIA |
| 9 (RLIN) |
44345 |
| Término de materia o nombre geográfico como elemento de entrada |
Sacerdotes |
| Subdivisión de forma |
Poesía |
| Subdivisión general |
Biografías |
| 700 1# - PUNTO DE ACCESO ADICIONAL--NOMBRE DE PERSONA |
| Nombre de persona |
Rosario Candelier, Bruno, |
| Fechas asociadas al nombre |
1941- |
| 9 (RLIN) |
851 |
| 700 1# - PUNTO DE ACCESO ADICIONAL--NOMBRE DE PERSONA |
| 9 (RLIN) |
73133 |
| Nombre de persona |
Henríquez, Fausto Leonardo, |
| 700 1# - PUNTO DE ACCESO ADICIONAL--NOMBRE DE PERSONA |
| 9 (RLIN) |
76099 |
| Nombre de persona |
Antonio Jiménez, Ramón |
| 700 1# - PUNTO DE ACCESO ADICIONAL--NOMBRE DE PERSONA |
| Nombre de persona |
Amaro, Roxana |
| 9 (RLIN) |
82880 |
| 700 1# - PUNTO DE ACCESO ADICIONAL--NOMBRE DE PERSONA |
| 9 (RLIN) |
43559 |
| Nombre de persona |
Santos, Juan |
| 910 ## - DATOS DE OPCIÓN DEL USUARIO (OCLC) |
| Datos de opción del usuario |
MFeliz |
| 942 ## - ELEMENTOS DE PUNTO DE ACCESO ADICIONAL (KOHA) |
| Fuente del sistema de clasificación o colocación |
Dewey Decimal Classification |
| Tipo de ítem Koha |
Libro |